000 00293nam a22001337a 4500
008 170508b xxu||||| |||| 00| 0 eng d
020 _a9780534573874
041 _aeng
080 _a341
100 _a14
101 _aSHJ
245 _aINTERNATIONAL LAW
_cSLOMANSON.W..R
942 _2udc
_cBK
999 _c12856
_d12856